LEADER 01148nam a2200241 i 4500 001 000000131837 003 CaOOAMICUS 005 20070926000000.0 008 070926s2006 it u000 u ita u 013 $a104752 040 $aSeMil$bita 100 1 $aMarengo, Marco.$0(OLS)http://semarc/name/54383 245 12$aI confini della Chiesa nel pensiero di Georges Florovsky /$cMarco Marengo. 260 $aLivorno :$bIl Quadrifoglio,$cstampa 2006. 300 $aXX, 342 p. ;$c24 cm. 500 $aContiene : Bibliografia. - In testa al front. : Facoltā teologica dell'Italia Centrale. - A pič del front. : Tesi di dottorato, Firenze 2006. 600 14$aFlorovskij, Georgij Vasil'evi? <1893-1979>.$0(OLS)http://semarc/subject/25957 650 4$aTeologia ortodossa.$0(OLS)http://semarc/subject/2276 850 $aSeMil 852 $aSeMil$W1$xVenegono$y1$m2K IV 13$j85771$B85771$CSeMilBibl$Z2$F128471 $81 961 $aOmaggio per recensione: Scuola Cattolica 996 $6245$aI confini della Chiesa nel pensiero di Georges Florovsky$9(OLS)http://semarc/title/193759 996 $6260$aLivorno :$bIl Quadrifoglio$9(OLS)http://semarc/publisher/46704 LEADER 01250nam a2200253 4500 001 000000345594 003 CaOOAMICUS 005 20250709101333.0 008 210428s1989 it 000 u ita r 040 $aSeMil$bita 245 00$aNote di metodologia :$belenco bibliografico, nota bibliografica, stesura del testo /$ca cura di Jos Janssens. 250 $a3. Ed. 264 1$aRoma :$bEditrice Pontificia Universitā Gregoriana,$c1989. 300 $a93 p. ;$c24 cm 500 $aIn testa al front.: Pontificia universitā gregoriana ; in mezzo al front.: ad uso degli studenti 650 4$aBibliografia - Ricerca bibliografica.$0(OLS)http://semarc/subject/58040 700 1 $aJanssens, Jos,$c.$0(OLS)http://semarc/name/22688 710 2 $aPontificia Universitā Gregoriana .$0(OLS)http://semarc/name/5 850 $aSeMil 852 $aSeMil$W1$xVenegono$y1$m3Y IV 55$j259360$B236657$CSeMilBibl$Z2$F236657 $81 961 $aFumagalli don Aristide - Omaggio 996 $6245$aNote di metodologia :$belenco bibliografico, nota bibliografica, stesura del testo$9(OLS)http://semarc/title/434727 996 $6264$aRoma :$bEditrice Pontificia Universitā Gregoriana$9(OLS)http://semarc/publisher/45949